000 01566cam a2200325 4500
008 021205n2002 000 0 eng u
020 _a1842191128
022 _a1478-4971
035 _a(Sirsi) u120682
041 _aeng.
100 _aBrett, M.
245 _aValuation standards for the global market
_h[electronic resource]
260 _aLondon
_bRICS
_c2002
300 _a19p.
_c30cm.
490 _aRICS Leading Edge Series
520 _aConsiders the need for international valuation standards and looks at the problems the international business community, and professionals working in international property, are facing in producing a workable set of international standards. Highlights case studies illustrating the difficulties three different countries have experienced in commercial property valuation, and suggests possible ways forward.
650 _aINTERNATIONAL
650 _aValuation
_96273
650 _aVALUATION STANDARDS
650 _aINTERNATIONAL VALUATION STANDARDS
650 _aPROPERTY-COMMERCIAL PROPERTY-COMMERCIAL PROPERTY APPRAISAL AND VALUATION
650 _aBASLE ACCORD
650 _aTHAILAND
650 _aROMANIA
650 _aGERMANY
690 _aPROPERTY-PROPERTY APPRAISAL AND VALUATION
710 _aRoyal Institution of Chartered Surveyors
_bValuation Faculty
_94354
856 4 0 _uhttps://www.rics.org/Global/Downloads/ValuationStandardsGlobalMarketLeadingEdge2002.pdf
_zView the item free of charge at www.rics.org.
_zView the full document free of charge at the www.rics.org website
942 _n0
999 _c102544
_d102544